[Event "POL-ch U17 Qual"]
[Site "Jastrzebia Gora"]
[Date "2021.11.17"]
[Round "4"]
[White "Falc, Pawel"]
[Black "Dahche, Abdel Azziz"]
[Result "0-1"]
[WhiteElo "1493"]
[BlackElo "1656"]
[PlyCount "34"]
[EventDate "2021.11.15"]
[EventType "swiss"]
[EventRounds "9"]
[EventCountry "POL"]
[SourceTitle "EXT 2023"]
[Source "ChessBase"]
[SourceDate "2022.10.05"]
[SourceVersion "1"]
[SourceVersionDate "2022.10.05"]
[SourceQuality "1"]

1. e4 e6 2. d4 d5 3. exd5 exd5 4. Bd3 Bd6 5. Nc3 Nf6 6. Bg5 c6 7. Qd2 0-0 8. 0-0-0 Nbd7 9. h4 Qa5 10. Nge2 b5 11. g4 b4 12. Nb1 Qxa2 13. h5 Ne4 14. Bxe4 dxe4 15. h6 g6 16. Nf4 Nb6 17. d5 Nc4 0-1

[Event "Rubinstein Memorial op-D 57th"]
[Site "Polanica Zdroj"]
[Date "2021.08.21"]
[Round "8"]
[White "Rychlik, Michal"]
[Black "Dahche, Abdel Azziz"]
[Result "1/2-1/2"]
[WhiteElo "1225"]
[BlackElo "1641"]
[PlyCount "104"]
[EventDate "2021.08.14"]
[EventType "swiss"]
[EventRounds "9"]
[EventCountry "POL"]
[SourceTitle "CBM 204 Extra"]
[Source "ChessBase"]
[SourceDate "2021.11.30"]
[SourceVersion "1"]
[SourceVersionDate "2021.11.30"]
[SourceQuality "1"]

1. d4 Nf6 2. c4 g6 3. Nc3 Bg7 4. h3 0-0 5. e4 d6 6. Be3 e5 7. d5 Nbd7 8. Nf3 Ne8 9. g4 a5 10. a3 Nc5 11. b4 axb4 12. axb4 Rxa1 13. Qxa1 Nb3 14. Qd1 Nd4 15. Nxd4 exd4 16. Bxd4 Nf6 17. Bg2 Re8 18. 0-0 c5 19. dxc6 bxc6 20. Qd3 c5 21. Bxf6 Bxf6 22. b5 Bd4 23. Ne2 Bg7 24. Rd1 Be6 25. f4 Qh4 26. f5 gxf5 27. gxf5 Bc8 28. Qxd6 Be5 29. Qxc5 Kh8 30. b6 f6 31. Qf2 Qg5 32. Kh1 Bb7 33. Rd7 Bc6 34. Ra7 Rd8 35. Qf1 Rd3 36. Bf3 Qe3 37. Bg2 Qxb6 38. Ra2 Qb3 39. Nc1 Rxh3+ 40. Bxh3 Bxe4+ 41. Kg1 Qg3+ 42. Bg2 Bd4+ 43. Rf2 Bxg2 44. Ne2 Bxf2+ 45. Qxf2 Qxf2+ 46. Kxf2 Be4 47. Ng3 Bd3 48. c5 Kg7 49. Ke3 Ba6 50. Kf4 Kf7 51. Kg4 Ke7 52. Kh5 Kf7 1/2-1/2